000 01292nam a22004097a 4500
001 BR8201752
003 BR-BrBNA
005 20230928091304.0
007 ta
008 230509b bl.||||| |||| 00| 0 por d
040 _aBR-BrBNA
_bpor
_cBiblioteca Nacional de Agricultura
041 _a(Por)
072 _aF30; F00; F25
_b0150
_b0120
_b1440
_b1410
_b0336
_b0180
_b1540
_b0170
_b0230
_b1910
_b3830
_b/G514
090 _ 0150 BR8201752
110 1 _aCentro de Pesquisa Agropecuaria do Tropico Umido, Belem, PA (Brasil). Nucleo de Pesquisa Agropecuaria de Roraima
_91581
245 1 _aRelatorio tecnico anual do Nucleo de Pesquisa Agropecuaria de Roraima - 1981 [Fertilizante fosfatado; Competicao de variedade; Pratica cultural; Brasil]
260 3 _aBelem, PA (Brasil):
_c1982.
300 _a55 p.
500 _a10 tables
650 _aARROZ
650 _aMILHO
650 _aFEIJAO DE CORDA
650 _aFEIJAO
650 _aSOJA
650 _aTRIGO
650 _aMANDIOCA
650 _aSORGO
650 _aCANA DE ACUCAR
650 _aPASTAGEM
650 _aFERTILIZANTE FOSFATADO
650 _aPRATICA CULTURAL
650 _aCOMPETICAO DE VARIEDADE
650 _aBANCO DE GERMOPLASMA
650 _aRORAIMA
909 _a202309
_bLucia
_c55
_dLucia Elande
942 _cBK
999 _c33219
_d33219